Management and cost accounting
Tallennettuna:
| Päätekijä: | |
|---|---|
| Aineistotyyppi: | Kirja |
| Kieli: | English |
| Julkaistu: |
Lond.
Thomson Learning
2007
|
| Painos: | 6th value media ed. |
| Aiheet: | |
| Tagit: |
Lisää tagi
Ei tageja, Lisää ensimmäinen tagi!
|
| Thư viện lưu trữ: | Trung tâm Học liệu Lê Vũ Hùng, Trường Đại học Đồng Tháp |
|---|
| LEADER | 00737pam a22002418a 4500 | ||
|---|---|---|---|
| 001 | 00023644 | ||
| 005 | 20171026081025.0 | ||
| 008 | 110628s2007 ||||||engsd | ||
| 020 | # | # | |a 1844807037 |
| 041 | 0 | # | |a eng |
| 082 | 1 | 4 | |a 658.15 |b M100N |
| 100 | 1 | # | |a Drury, Colin |
| 245 | 1 | 0 | |a Management and cost accounting |c Colin Drury |
| 250 | # | # | |a 6th value media ed. |
| 260 | # | # | |a Lond. |b Thomson Learning |c 2007 |
| 300 | # | # | |a 1280 p. |b ill. |c 26 cm. |
| 650 | # | 4 | |a Bài tập |
| 650 | # | 4 | |a Kế toán giá thành |
| 650 | # | 4 | |a Kế toán quản trị |
| 852 | # | # | |b Kho đọc |j KD.0008077 |
| 852 | # | # | |j KD.0008077 |
| 910 | 0 | # | |a Ntuyet |d 28/06/2011 |
| 980 | # | # | |a Trung tâm Học liệu Lê Vũ Hùng, Trường Đại học Đồng Tháp |


